All Premier League Goalscorers 2025-26 - Statistics

General Stats
  • This quiz has been taken 82 times
    2 since last reset
  • The average score is 267 of 280
Answer Stats
Group Goals Answer % Correct
Bournemouth 1 Adrien Truffert
100%
Chelsea 1 Alejandro Garnacho
100%
Liverpool 3 Alexander Isak
100%
Liverpool 2 Alexis Mac Allister
100%
Fulham 4 Alex Iwobi
100%
Bournemouth 1 Álex Jiménez
100%
Manchester United 2 Amad Diallo
100%
Aston Villa 2 Amadou Onana
100%
Bournemouth 3 Amine Adli
100%
Wolverhampton Wanderers 1 André
100%
Liverpool 1 Andrew Robertson
100%
Newcastle United 6 Anthony Gordon
100%
Bournemouth 10 Antoine Semenyo
100%
Manchester City 6 Antoine Semenyo
100%
Fulham 1 Antonee Robinson
100%
Leeds 5 Anton Stach
100%
Leeds 2 Ao Tanaka
100%
Burnley 1 Armando Broja
100%
Burnley 1 Axel Tuanzebe
100%
Tottenham Hotspur 1 Ben Davies
100%
Manchester United 11 Benjamin Šeško
100%
Manchester City 2 Bernardo Silva
100%
Sunderland 1 Bertrand Traoré
100%
Everton 9 Beto
100%
Aston Villa 1 Boubacar Kamara
100%
Brighton Hove & Albion 1 Brajan Gruda
100%
Leeds 4 Brenden Aaronson
100%
Sunderland 7 Brian Brobbey
100%
Manchester United 8 Bruno Fernandes
100%
Newcastle United 9 Bruno Guimarães
100%
Manchester United 10 Bryan Mbeumo
100%
Arsenal 7 Bukayo Saka
100%
Nottingham Forest 3 Callum Hudson-Odoi
100%
West Ham United 6 Callum Wilson
100%
Fulham 1 Calvin Bassey
100%
Manchester United 9 Casemiro
100%
Brighton Hove & Albion 1 Charalampos Kostoulas
100%
Sunderland 3 Chemsdine Talbi
100%
Crystal Palace 1 Chris Richards
100%
Sunderland 1 Chris Rigg
100%
Nottingham Forest 3 Chris Wood
100%
Liverpool 7 Cody Gakpo
100%
Chelsea 9 Cole Palmer
100%
Tottenham Hotspur 4 Cristian Romero
100%
West Ham United 5 Crysencio Summerville
100%
Newcastle United 1 Dan Burn
100%
Brentford 7 Dango Ouattara
100%
Sunderland 2 Daniel Ballard
100%
Crystal Palace 4 Daniel Muñoz
100%
Nottingham Forest 1 Dan Ndoye
100%
Brighton Hove & Albion 13 Danny Welbeck
100%
Bournemouth 1 David Brooks
100%
Arsenal 4 Declan Rice
100%
Brighton Hove & Albion 5 Diego Gómez
100%
Manchester United 1 Diogo Dalot
100%
Leeds 14 Dominic Calvert-Lewin
100%
Tottenham Hotspur 3 Dominic Solanke
100%
Liverpool 6 Dominik Szoboszlai
100%
Aston Villa 4 Donyell Malen
100%
Arsenal 7 Eberechi Eze
100%
Crystal Palace 2 Eddie Nketiah
100%
Bournemouth 13 Eli Junior Kroupi
100%
Nottingham Forest 4 Elliot Anderson
100%
Fulham 3 Emile Smith Rowe
100%
Aston Villa 6 Emiliano Buendía
100%
Bournemouth 1 Enes Ünal
100%
Chelsea 10 Enzo Fernández
100%
Sunderland 5 Enzo Le Fée
100%
Manchester City 27 Erling Haaland
100%
Chelsea 2 Estêvão
100%
Leeds 1 Ethan Ampadu
100%
Bournemouth 6 Evanilson
100%
Crystal Palace 1 Evann Guessand
100%
Brentford 1 Fábio Carvalho
100%
Liverpool 2 Federico Chiesa
100%
Brighton Hove & Albion 1 Ferdi Kadıoğlu
100%
Liverpool 5 Florian Wirtz
100%
Arsenal 3 Gabriel
100%
Arsenal 2 Gabriel Jesus
100%
Arsenal 1 Gabriel Martinelli
100%
Brighton Hove & Albion 3 Georginio Rutter
100%
Sunderland 1 Granit Xhaka
100%
Sunderland 1 Habib Diarra
100%
Burnley 1 Hannibal Mejbri
100%
Fulham 1 Harrison Reed
100%
Manchester United 1 Harry Maguire
100%
Fulham 10 Harry Wilson
100%
Newcastle United 7 Harvey Barnes
100%
Wolverhampton Wanderers 1 Hugo Bueno
100%
Liverpool 11 Hugo Ekitike
100%
Wolverhampton Wanderers 2 Hwang Hee-chan
100%
Liverpool 1 Ibrahima Konaté
100%
Nottingham Forest 2 Ibrahim Sangaré
100%
Everton 1 Idrissa Gueye
100%
Nottingham Forest 6 Igor Jesus
100%
Brentford 22 Igor Thiago
100%
Everton 6 Iliman Ndiaye
100%
Crystal Palace 9 Ismaïla Sarr
100%
Everton 2 Jack Grealish
100%
Brighton Hove & Albion 4 Jack Hinshelwood
100%
Newcastle United 3 Jacob Murphy
100%
Newcastle United 2 Jacob Ramsey
100%
Burnley 8 Jaidon Anthony
100%
Leeds 1 Jaka Bijol
100%
Everton 2 James Garner
100%
Leeds 2 James Justin
100%
Brighton Hove & Albion 1 James Milner
100%
Everton 2 James Tarkowski
100%
Brighton Hove & Albion 3 Jan Paul van Hecke
100%
Everton 1 Jarrad Branthwaite
100%
West Ham United 8 Jarrod Bowen
100%
Leeds 1 Jayden Bogle
100%
Crystal Palace 11 Jean-Philippe Mateta
100%
Wolverhampton Wanderers 1 Jean-Ricner Bellegarde
100%
Manchester City 5 Jérémy Doku
100%
Wolverhampton Wanderers 1 Jhon Arias
100%
Wolverhampton Wanderers 1 João Gomes
100%
Tottenham Hotspur 4 João Palhinha
100%
Chelsea 15 João Pedro
100%
Newcastle United 2 Joelinton
100%
Brighton Hove & Albion 1 Joël Veltman
100%
Leeds 2 Joe Rodon
100%
Aston Villa 5 John McGinn
100%
Brentford 1 Jordan Henderson
100%
Crystal Palace 3 Jørgen Strand Larsen
100%
Wolverhampton Wanderers 1 Jørgen Strand Larsen
100%
Chelsea 1 Josh Acheampong
100%
Burnley 2 Josh Cullen
100%
Manchester United 2 Joshua Zirkzee
100%
Manchester City 2 Joško Gvardiol
100%
Arsenal 3 Jurriën Timber
100%
Crystal Palace 1 Justin Devenny
100%
Bournemouth 2 Justin Kluivert
100%
Arsenal 2 Kai Havertz
100%
Brighton Hove & Albion 3 Kaoru Mitoma
100%
Brentford 3 Keane Lewis-Potter
100%
Fulham 1 Kenny Tete
100%
Fulham 1 Kevin
100%
Brentford 7 Kevin Schade
100%
Everton 8 Kiernan Dewsbury-Hall
100%
Manchester United 1 Kobbie Mainoo
100%
West Ham United 3 Konstantinos Mavropanos
100%
West Ham United 1 Kyle Walker-Peters
100%
Wolverhampton Wanderers 2 Ladislav Krejčí
100%
Arsenal 6 Leandro Trossard
100%
Burnley 2 Lesley Ugochukwu
100%
Brighton Hove & Albion 1 Lewis Dunk
100%
Newcastle United 1 Lewis Hall
100%
Newcastle United 1 Lewis Miley
100%
Chelsea 1 Liam Delap
100%
Nottingham Forest 1 Lorenzo Lucca
100%
Burnley 2 Loum Tchaouna
100%
Tottenham Hotspur 1 Lucas Bergvall
100%
West Ham United 4 Lucas Paquetá
100%
Leeds 6 Lukas Nmecha
100%
Burnley 3 Lyle Foster
100%
Chelsea 1 Malo Gusto
100%
Chelsea 1 Marc Cucurella
100%
Crystal Palace 2 Marc Guéhi
100%
Manchester City 1 Marc Guéhi
100%
Bournemouth 5 Marcus Tavernier
100%
Wolverhampton Wanderers 1 Marshall Munetsi
100%
Arsenal 1 Martin Ødegaard
100%
Arsenal 5 Martín Zubimendi
100%
West Ham United 3 Mateus Fernandes
100%
Wolverhampton Wanderers 3 Mateus Mané
100%
Manchester United 10 Matheus Cunha
100%
Brentford 2 Mathias Jensen
100%
Tottenham Hotspur 4 Mathys Tel
100%
Brighton Hove & Albion 2 Mats Wieffer
100%
Manchester United 1 Matthijs de Ligt
100%
Brighton Hove & Albion 1 Matt O'Riley
100%
Aston Villa 3 Matty Cash
100%
Arsenal 1 Max Dowman
100%
Crystal Palace 1 Maxence Lacroix
100%
Brighton Hove & Albion 2 Maxim de Cuyper
100%
Brentford 1 Michael Kayode
100%
Everton 3 Michael Keane
100%
Tottenham Hotspur 4 Micky van de Ven
100%
Arsenal 4 Mikel Merino
100%
Brentford 4 Mikkel Damsgaard
100%
Liverpool 2 Miloš Kerkez
100%
Liverpool 7 Mohamed Salah
100%
Tottenham Hotspur 2 Mohammed Kudus
100%
Chelsea 3 Moisés Caicedo
100%
Nottingham Forest 14 Morgan Gibbs-White
100%
Aston Villa 10 Morgan Rogers
100%
Nottingham Forest 1 Murillo
100%
Brentford 1 Nathan Collins
100%
Nottingham Forest 2 Neco Williams
100%
Newcastle United 8 Nick Woltemade
100%
Manchester City 1 Nico González
100%
Nottingham Forest 2 Nicolò Savona
100%
Manchester City 5 Nico O'Reilly
100%
Leeds 8 Noah Okafor
100%
Arsenal 1 Noni Madueke
100%
Burnley 1 Oliver Sonne
100%
Aston Villa 14 Ollie Watkins
100%
Sunderland 1 Omar Alderete
100%
Manchester City 3 Omar Marmoush
100%
Tottenham Hotspur 2 Pape Matar Sarr
100%
Brighton Hove & Albion 1 Pascal Groß
100%
Manchester United 3 Patrick Dorgu
100%
Chelsea 5 Pedro Neto
100%
Tottenham Hotspur 1 Pedro Porro
100%
Manchester City 7 Phil Foden
100%
Arsenal 1 Piero Hincapié
100%
Tottenham Hotspur 1 Randal Kolo Muani
100%
Fulham 9 Raúl Jiménez
100%
Bournemouth 5 Rayan
100%
Manchester City 5 Rayan Cherki
100%
Chelsea 2 Reece James
100%
Arsenal 1 Riccardo Calafiori
100%
Tottenham Hotspur 11 Richarlison
100%
Liverpool 2 Rio Ngumoha
100%
Manchester City 1 Rodri
100%
Tottenham Hotspur 1 Rodrigo Bentancur
100%
Wolverhampton Wanderers 3 Rodrigo Gomes
100%
Fulham 1 Rodrigo Muniz
100%
Aston Villa 3 Ross Barkley
100%
Manchester City 2 Rúben Dias
100%
Bournemouth 2 Ryan Christie
100%
Liverpool 5 Ryan Gravenberch
100%
Fulham 2 Samuel Chukwueze
100%
Wolverhampton Wanderers 3 Santiago Bueno
100%
Fulham 1 Saša Lukić
100%
Manchester City 1 Savinho
100%
Leeds 2 Sean Longstaff
100%
Sunderland 1 Simon Adingra
100%
West Ham United 1 Soungoutou Magassa
100%
Brighton Hove & Albion 1 Stefanos Tzimas
100%
Nottingham Forest 4 Taiwo Awoniyi
100%
Aston Villa 2 Tammy Abraham
100%
Everton 7 Thierno Barry
100%
Manchester City 5 Tijjani Reijnders
100%
Wolverhampton Wanderers 3 Tolu Arokodare
100%
West Ham United 5 Tomáš Souček
100%
Fulham 1 Tom Cairney
100%
Wolverhampton Wanderers 1 Tom Edozie
100%
Sunderland 1 Trai Hume
100%
Chelsea 3 Trevoh Chalobah
100%
Bournemouth 2 Tyler Adams
100%
Crystal Palace 1 Tyrick Mitchell
100%
West Ham United 5 Valentín Castellanos
100%
Arsenal 14 Viktor Gyökeres
100%
Liverpool 6 Virgil van Dijk
100%
Brentford 1 Vitaly Janelt
100%
Newcastle United 8 William Osula
100%
Arsenal 1 William Saliba
100%
Sunderland 6 Wilson Isidor
100%
Brighton Hove & Albion 3 Yankuba Minteh
100%
Brighton Hove & Albion 3 Yasin Ayari
100%
Brentford 1 Yehor Yarmolyuk
100%
Crystal Palace 2 Yéremy Pino
100%
Newcastle United 1 Yoane Wissa
100%
Burnley 10 Zian Flemming
100%
Wolverhampton Wanderers 1 Adam Armstrong
50%
Bournemouth 3 Alex Scott
50%
Chelsea 1 Andrey Santos
50%
Tottenham Hotspur 2 Archie Gray
50%
Tottenham Hotspur 2 Brennan Johnson
50%
Aston Villa 1 Douglas Luiz
50%
Sunderland 2 Eliezer Mayenda
50%
Everton 1 Jake O'Brien
50%
Burnley 1 Josh Laurent
50%
Fulham 1 Joshua King
50%
Newcastle United 3 Malick Thiaw
50%
Burnley 1 Marcus Edwards
50%
Manchester United 3 Mason Mount
50%
Manchester City 1 Matheus Nunes
50%
Everton 1 Merlin Röhl
50%
Nottingham Forest 1 Morato
50%
Sunderland 3 Nordi Mukiele
50%
Nottingham Forest 1 Omari Hutchinson
50%
Fulham 2 Ryan Sessegnon
50%
Newcastle United 1 Sven Botman
50%
Tottenham Hotspur 2 Xavi Simons
50%
Crystal Palace 1 Adam Wharton
0%
Tottenham Hotspur 1 Conor Gallagher
0%
Manchester United 1 Luke Shaw
0%
No matching quizzes found
Score Distribution
Percent of People with Each Score
Percentile by Number Answered
Your Score History
You have not taken this quiz since the last reset